000 00857cam a2200289 a 4500
001 80658
005 20230410130522.0
008 011101s2011 mx 000 1 spa
035 _a(OCoLC)ocn712141743
040 _aEMU
_beng
_cEMU
020 _a9786074212457 (libros 1-2)
035 _a(OCoLC)712141743
041 _aspa
_hjpn
050 1 4 _aPL 856
_bM972u 2011
049 _aGRAL
100 1 _aMurakami, Haruki,
_d1949-
245 1 0 _a1Q84 :
_bLibros 1 y 2 /
_cHaruki Murakami ; traducción del japonés de Gabriel Alvarez Martínez
246 3 _aUno q ochenta y cuatro
260 _aMexico :
_bTusquets,
_c2011-
300 _a737p. ;
_c23 cm.
440 0 _aColección Andanzas ;
_v747 / 1
500 _aTraducido del idioma orginal: 1Q84.
700 1 _aAlvarez Martínez, Gabriel.
942 _2lcc
_cbk
994 _aC0
_bDRFGD
946 _aJP
999 _c75463
_d75463